01451cam a22003977a 4500003000500000005001700005008004100022010001000063011001000073035001000083040000900093082001400102100002700116245002900143260007500172300002000247410004900267490003400316590004100350590004100391590004100432590004100473590004100514590004200555650003400597650002500631650002900656810005600685830004200741901000700783905002400790942001000814949007100824999001700895952014100912CHAP20220329141110.0971013d1996 mx a r 00010 spa d a62553 a63525 a67701 cCHAP a539.7bC400aChimal, Carlos.92254413aLa escalera del universo aMéxico, D.F. :bConsejo Nacional para la Cultura y las Artes,c1996. a143 p. :bilus.21aConsejo Nacional para la Cultura y las Artes 0aViaje al centro de la ciencia aBATCH-UPDb10c20130110lUCH01h0256 aBATCH-UPDb10c20130110lUCH01h1905 aBATCH-UPDb10c20130409lUCH01h2327 aBATCH-UPDb10c20130410lUCH01h1421 aBATCH-UPDb10c20130913lUCH01h1858 aCONVERSIONb10c20130109lUCH01h133414aAceleradores atómicos.946914aCosmología.92845214aFísica nuclear.94199900aConsejo Nacional para la Cultura y las Artes9273270 aViaje al centro de la ciencia9119035 aBK aMayto Villalobos S. cLIBRO a539.7 C4bBCcLIBROd33724000634226eLIBROgI.c/eh91908i67701si c62553d62553 00102ddc4052708GRALaBCbBCcPA_GRALd2019-12-31eI.c/efLIBROl0o539.7 C4p33724000634226r2019-12-31 00:00:00w2019-12-31yLIBRO